Normal view
MARC view
- Branding (Marketing)
Entry Topical Term
001 - CONTROL NUMBER
- control field: 3681
003 - CONTROL NUMBER IDENTIFIER
- control field: URS
005 - DATE AND TIME OF LATEST TRANSACTION
- control field: 20230208163700.0
008 - FIXED-LENGTH DATA ELEMENTS
- fixed length control field: 230208|| aca||babn | a|a d
040 ## - CATALOGING SOURCE
- Original cataloging agency: URS
150 ## - HEADING--TOPICAL TERM
- Topical term or geographic name entry element: Branding (Marketing)







Phil. Journal of Health Research & Development
Phil. Journal of Neurology
Philippine Journal of Nuclear Medicine
Philippine Journal of Ophthalmology







Philippine eJournals
Tritech Digital Media
Bangko Sentral ng Pilipinas Resources













